LEADER 00971nam0-22003491i-450- 001 990007837970403321 005 20060131160428.0 010 $a88-7989-685-7 035 $a000783797 035 $aFED01000783797 035 $a(Aleph)000783797FED01 035 $a000783797 100 $a20031114d2002----km-y0itay50------ba 101 0 $aita 102 $aIT 105 $ay-------001yy 200 1 $aErodoto e i sogni di Serse$el'invasione persiana dell'Europa$fGabriella Bodei Giglioni 210 $aRoma$cDonzelli$d2002 215 $a107 p.$d17 cm 225 1 $aSaggine$v55 610 0 $aGuerre persiane 610 0 $aHerodotus$a<484-415 a.C.> 676 $a938.03$zita 676 $a935.05 700 1$aBodei Giglioni,$bGabriella$0167839 801 0$aIT$bUNINA$gRICA$2UNIMARC 901 $aBK 912 $a990007837970403321 952 $a938.03 BOD 1$bBibl.48558$fFLFBC 959 $aFLFBC 996 $aErodoto e i sogni di Serse$9672204 997 $aUNINA LEADER 03980nam 2200637 450 001 9910813885303321 005 20230725022856.0 010 $a0-19-939746-5 035 $a(CKB)2560000000296742 035 $a(EBL)3056050 035 $a(OCoLC)755734873 035 $a(SSID)ssj0000508626 035 $a(PQKBManifestationID)11313565 035 $a(PQKBTitleCode)TC0000508626 035 $a(PQKBWorkID)10555117 035 $a(PQKB)11561123 035 $a(StDuBDS)EDZ0000038714 035 $a(MiAaPQ)EBC3056050 035 $a(Au-PeEL)EBL3056050 035 $a(CaPaEBR)ebr10837072 035 $a(CaONFJC)MIL573871 035 $a(EXLCZ)992560000000296742 100 $a20100317d2011 uy| 0 101 0 $aeng 135 $aur|n|---||||| 181 $ctxt 182 $cc 183 $acr 200 04$aThe dynamic brain $ean exploration of neuronal variability and its functional significance /$fedited by Mingzhou Ding, Dennis L. Glanzman 210 1$aNew York :$cOxford University Press,$d2011. 215 $a1 online resource (393 p.) 300 $aDescription based upon print version of record. 311 $a0-19-539379-1 311 $a0-19-989704-2 320 $aIncludes bibliographical references and index. 327 $aA mixed-filter algorithm for dynamically tracking learning from multiple behavioral and neurophysiological measures / Todd P. Coleman ... [et al.] -- Stochastic transitions between states of neural activity / Paul Miller and Donald B. Katz -- Neural coding : variability and information / Richard B. Stein and Dirk G. Everaert -- Interactions between intrinsic and stimulus-evoked activity in recurrent neural networks / Larry F. Abbott, Kanaka Rajan, and Haim Sompolinsky -- Inherent biases in spontaneous cortical dynamics / Chou P. Hung, Benjamin M. Ramsden, and Anna Wang Roe -- Phase resetting in the presence of noise and heterogeneity / Srisairam Achuthan ... [et al.] -- Understanding animal-to-animal variability in neuronal and network properties / Astrid A. Prinz, Tomasz G. Smolinski, and Amber E. Hudson -- Dynamical parameter and state estimation in neuron models / Henry D.I. Abarbanel ... [et al.] -- 327 $aCapturing "trial-to-trial" variations in human brain activity : from laboratory to real world / Akaysha C. Tang, Matthew T. Sutherland, and Zhen Yang -- Linking neuronal variability to perceptual decision making via neuroimaging / Paul Sajda ... [et al.] -- Spatiotemporal dynamics of synchronous activity across multiple areas of the visual cortex in the alert monkey / Charles M. Gray and Baldwin Goodell -- Behavioral and neural variability related to stochastic choices during a mixed-strategy game / Daeyeol Lee and Hyojung Seo -- Circuit mechanisms underlying behavioral variability during recovery of consciousness following severe brain injury / Nicholas D. Schiff -- Intermittent vorticity, power spectral scaling, and dynamical measures on resting brain magnetic field fluctuations : a pilot study / Arnold J. Mandell ... [et al.] -- Population variability and Bayesian inference / Terran Lane. 330 8 $aIt is a well-known fact of neurophysiology that neuronal responses to identically presented stimuli are extremely variable. This book examines neuronal variability from theoretical, experimental and clinical perspectives. 606 $aNeural circuitry 606 $aNeural networks (Neurobiology) 606 $aEvoked potentials (Electrophysiology) 606 $aVariability (Psychometrics) 615 0$aNeural circuitry. 615 0$aNeural networks (Neurobiology) 615 0$aEvoked potentials (Electrophysiology) 615 0$aVariability (Psychometrics) 676 $a612.8/2 701 $aDing$b Mingzhou$067818 701 $aGlanzman$b Dennis$01677355 801 0$bMiAaPQ 801 1$bMiAaPQ 801 2$bMiAaPQ 906 $aBOOK 912 $a9910813885303321 996 $aThe dynamic brain$94044176 997 $aUNINA